00291nam a2200121Ia 4500008004100000082001500041100001800056245004400074250000800118260002700126300000800153650000800161191201s2009 xx 000 0 und d a658.3bDEF aDESSLER, Gray 0aFramework for Human Resource Management aIMP aN.DelhibPearsonc2009 a399 aMBA